000 00825nam a2200265Ia 4500
003 OSt
005 20221005042706.0
006 a|||||r|||| 00| 0
007 ta
008 221004b |||||||| |||| 00| 0 eng d
020 _a9781844652372 (pbk)
_c1224.98
024 _a118975
037 _b209/2011-12, 27/03/2012, Pioneer Books Distributors
_cTextual
040 _aCRL
_cCRL
_beng
041 _2eng
_aeng
082 _aR3xN29:g, Q1
100 _aFultner Barbara
_9273735
245 0 _aJurgen Habermas
_b Key concept
260 _aDurham
_bAcumen Publishing Ltd. India
_c2011
300 _axiii,264p.
_ccm.
650 _a METAPHYSICS
650 _aPHILOSOPHY
942 _hR3xN29:g, Q1
_cTEXL
_2cc
999 _c950693
_d950693